| 000 | 00852nam a22002295i 4500 | ||
|---|---|---|---|
| 001 | 152562 | ||
| 003 | ES-MaACL | ||
| 005 | 20230906204808.0 | ||
| 008 | 051018s1897 fr | |||||||| ||fre d | ||
| 040 |
_aCAM _bspa _cCAM |
||
| 100 | 1 |
_aBourlier, Jean. _931005 |
|
| 245 | 1 | 4 |
_aLes Tchèques et la Bohême contemporaine _b: essai d'histoire et de politique / _cpar Jean Bourlier. |
| 260 |
_aPars : _bFélix Alcan éditeur, _c1897 ( _eEvreux : _fImprimerie de Charles Hérissey) |
||
| 300 |
_aX, 263 p. ; _c19 cm. |
||
| 490 | 1 | _aBibliothèque d'Histoire Contemporaine | |
| 650 | 4 |
_aChecos- _xHistoria. _9148043 |
|
| 651 | 4 |
_aChecoslovaquia- _xHistoria. _98035 |
|
| 651 | 4 |
_aRepública Checa- _xHistoria. _9148044 |
|
| 830 | 0 |
_aBibliothèque d'Histoire Contemporaine _9180875 |
|
| 852 |
_aES-MaACL _jG-7221 _z-- Rust. deteriorada |
||
| 999 |
_c152562 _d152562 |
||